000 00555nam a2200205Ia 4500
005 20250923145052.0
008 008 250917s9999 xx 000 0 eng d
037 _aTextual
040 _aDSWL
_beng
_cDSWL
041 _aeng
_2eng
084 _aY:4, N61
_qDSWL
245 0 _aContemporary social problems
_cEd.by R.K. Merton
260 _aLondon
_bAspert Hart-davis
_c1965
300 _ax,315p.
365 _aINR
_b60
700 _aR.P. Nisbet
_9831473
925 _g60
942 _cTEXL
_hY:4, N61
999 _c1446717
_d1446717